Phân hữu cơ phân vi sinh và phân ủ
Kaydedildi:
| Yazar: | |
|---|---|
| Materyal Türü: | Kitap |
| Dil: | Undetermined |
| Baskı/Yayın Bilgisi: |
Nghệ An
Nghệ An
2003
|
| Konular: | |
| Etiketler: |
Etiketle
Etiket eklenmemiş, İlk siz ekleyin!
|
| Thư viện lưu trữ: | Trung tâm Học liệu Trường Đại học Cần Thơ |
|---|
| LEADER | 00564nam a2200193Ia 4500 | ||
|---|---|---|---|
| 001 | CTU_61994 | ||
| 008 | 210402s9999 xx 000 0 und d | ||
| 020 | |b 10000 | ||
| 082 | |a 631.86 | ||
| 082 | |b H305 | ||
| 100 | |a Nguyễn Thanh Hiền | ||
| 245 | 0 | |a Phân hữu cơ phân vi sinh và phân ủ | |
| 245 | 0 | |c Nguyễn Thanh Hiền | |
| 260 | |a Nghệ An | ||
| 260 | |b Nghệ An | ||
| 260 | |c 2003 | ||
| 650 | |a organic wastes as fertilizers,organic fertiliers | ||
| 904 | |i Minh | ||
| 980 | |a Trung tâm Học liệu Trường Đại học Cần Thơ | ||